A sangue frio: / (Record no. 103)

MARC details
000 -LÍDER
campo de controle de tamanho fixo 01369nam a2200337 4500
001 - NÚMERO DE CONTROLE
campo de controle 103
003 - IDENTIFICADOR DO NÚMERO DE CONTROLE
campo de controle OSt
005 - DATA E HORÁRIO DA ÚLTIMA TRANSAÇÃO
campo de controle 20250127080655.0
008 - CAMPO DE DADOS FIXOS--INFORMAÇÃO GERAL
campo de controle de tamanho fixo 250127b |||||||e |||| 00| 0 eng d
040 ## - FONTE DA CATALOGAÇÃO
Idioma da catalogação por
041 ## - CÓDIGO DE IDIOMA
Código do idioma do original e/ou traduções intermediárias do texto eng
Código do idioma do texto/trilha sonora ou título diferente por
082 ## - CDD - CLASSIFICAÇÃO DECIMAL DE DEWEY
Número de Classificação 813
Número do exemplar C246s
100 1# - ENTRADA PRINCIPAL--NOME PESSOAL
Nome pessoal Capote, Truman,
Datas associadas ao nome 1924-1984
9 (RLIN) 225
240 ## - TÍTULO UNIFORME
Título uniforme In cold blood
245 ## - TÍTULO
Título A sangue frio: /
Restante do título O relato fiel de um assassinato múltiplo e suas complicações /
Indicação de responsabilidade, etc. Capote, Truman ; Tradução de Ivan Lessa
260 ## - PUBLICAÇÃO, DISTRIBUIÇÃO, ETC.
Local de publicação, distribuição, etc. São Paulo
Nome do editor, distribuidor, etc. Abril
Data da publicação, distribuição, etc. 1980
300 ## - DESCRIÇÃO FÍSICA
Extensão 412 p.
490 1# - TÍTULO DA SÉRIE
Título da série Grandes Sucessos - Abril Cultural
520 ## - NOTA DE RESUMO, ETC.
Resumo, etc. O relato de um brutal assassinato. Capote combina acurado estilo jornalístico com grande imaginação literária. E concretiza um antigo sonho: o romance de não-ficção. Para isso, preparou-se durante anos. Pesquisou, colheu pistas e impressões. Graças a esse extraordinário trabalho, A Sangue Frio constitui um impressionante documento. Mas é também uma obra-prima literária.
650 #0 - ASSUNTO--TERMO TÓPICO
Cabeçalho tópico ou nome geográfico Literatura Americana
9 (RLIN) 84
650 #0 - ASSUNTO--TERMO TÓPICO
Cabeçalho tópico ou nome geográfico Crime e Investigação
9 (RLIN) 13
650 #0 - ASSUNTO--TERMO TÓPICO
Cabeçalho tópico ou nome geográfico Serial Killer
9 (RLIN) 157
650 #0 - ASSUNTO--TERMO TÓPICO
Cabeçalho tópico ou nome geográfico Fatos Reais
9 (RLIN) 33
650 #0 - ASSUNTO--TERMO TÓPICO
Cabeçalho tópico ou nome geográfico Filme
9 (RLIN) 26
650 #0 - ASSUNTO--TERMO TÓPICO
Cabeçalho tópico ou nome geográfico Clássicos
9 (RLIN) 77
655 #0 - TERMO DE ÍNDICE--GÊNERO E FORMA
Gênero/forma/ou termo foco Romance
655 #0 - TERMO DE ÍNDICE--GÊNERO E FORMA
Gênero/forma/ou termo foco Não Ficção
700 ## - ENTRADA ADICIONADA - NOME PESSOAL
Nome pessoal Ivan lessa
Função do autor por extenso Tradutor
9 (RLIN) 226
830 ## - ENTRADA SECUNDÁRIA DE SÉRIE--TÍTULO UNIFORME
Título uniforme Grandes Sucessos - Abril Cultural
9 (RLIN) 142
942 ## - ELEMENTOS DE ENTRADA ADICIONADOS (KOHA)
Fonte de classificação ou esquema de arquivamento Classificação decimal de Dewey
Ocultar no OPAC Não
Tipo de material Koha Livros
Holdings
Situação do descarte Situação das perdas Fonte de classificação ou esquema de arquivamento Status danificado Não pode ser emprestado Coleção Biblioteca de origem Biblioteca atual Localização na estante Data de aquisição Fonte de aquisição Total de empréstimos Número de chamada completo Código de barras Data de último acesso Data do preço efetivo Tipo de material Koha
    Classificação decimal de Dewey     Não ficção Biblioteca Professor Eduardo Afonso de Castro Biblioteca Professor Eduardo Afonso de Castro Literatura Estrangeira 03.04.2002 doação   813 / C246s 2025-11953 27.01.2025 27.01.2025 Livros

Powered by Koha